| 000 | 00337 a2200121 4500 | ||
|---|---|---|---|
| 000 | nam a22 7a 4500 | ||
| 005 | 20260312101626.0 | ||
| 020 | _a9781041195344 | ||
| 100 |
_aLipokmar Dzüvichü _91131740 |
||
| 245 | _aAt the Margins of Empire: Frontiers and Boundaries in British India | ||
| 260 |
_bRoutledge _c2026 |
||
| 942 | _cTEXL | ||
| 999 |
_c1715169 _d1715169 |
||